000 00353cam a22001337a 4500
008 180718b1967 xxu||||| |||| 00| 0 eng d
082 _aC4x54 P993i/67
100 _aPylee, M. V.
245 _aIndia's constitution
_cby M. V. Pylee
250 _a2nd rev ed.
260 _aBombay
_bAsia
_c1967
300 _axi, 436p
650 _aConstitutional law --India
999 _c423369
_d423369